Państwo które... - Statystyki

Ogólne statystyki
  • Ten quiz został rozwiązany 230 razy
  • Średni wynik to 6 z 12
Statystyki odpowiedzi
Państwo które... Odpowiedź % Poprawnych
zaczyna się na O Oman
96%
wynalazło papier Chiny
71%
leży w Europie i Afryce Hiszpania
64%
posiada trzy stolice Republika Południowej Afryki
62%
posiada najbardziej zaludnione miasto Japonia
59%
nie posiada oficjalnej stolicy Szwajcaria
55%
jako jedyne posiada stolicę na litere U Mongolia
48%
w fladze nie ma białego,czerwonego oraz niebieskiego Jamajka
37%
nie należy do ONZ, mimo, że jest oficjalnym państwem Watykan
30%
jest podwójnie śródlądowe* Liechtenstein
28%
zmieniło swoją flagę 16 sierpnia 2021 r. Afganistan
27%
ma nazwę z ostatnią literą Z Bangladesz
25%
Nie znaleziono quizów pasujących do podanych kryteriów
Rozkład punktacji
Procent ludzi z każdym wynikiem
Percentyl według liczby udzielonych odpowiedzi
Twoja historia wyników
Nie rozwiązałeś tego quizu